Organisational behaviour

Αποθηκεύτηκε σε:
Λεπτομέρειες βιβλιογραφικής εγγραφής
Κύριος συγγραφέας: Bennett, Roger
Μορφή: Βιβλίο
Γλώσσα:English
Δημοσίευση: London : Pitman, M&E Business, 1997
Έκδοση:3rd ed.
Θέματα:
Ετικέτες: Προσθήκη ετικέτας
Δεν υπάρχουν, Καταχωρήστε ετικέτα πρώτοι!

MARC

LEADER 00000nam a2200000 i 4500
001 1/57521
008 980514s1997 eng d
020 |a 0712110690 
035 |l 10028206 
040 |a GR-MY-UA  |b gre  |e aacr 
041 0 |a eng 
082 0 |a 658 
100 1 |a Bennett, Roger. 
245 1 0 |a Organisational behaviour /  |c Roger Bennet 
250 |a 3rd ed. 
260 |a London :   |b Pitman,   |b  M&E Business,   |c 1997 
300 |a ix, 337 σ. 
504 |a Περιλαμβάνει βιβλιογραφία και ευρετήριο 
650 0 0 |a Organizational behavior. 
852 |a INST  |b CHIOS  |e 19980514  |h 658 BEN  |p 005200016521  |q 005200016521  |t BK  |y 0 
901 |a BIBL2-1998-2 
909 |a Χ  |b 054450 
922 |a 2ΕΛΗ  |b 199805  |c ΤΔΕ  |d ΠΑΠΑΣΩΤΗΡΙΟΥ